LEADER 01678nam 2200409 450 001 000005489 005 20050718115200.0 100 $a20001020d1991----km-y0itay0103----ba 101 0 $aita 102 $aIT 200 1 $aFrutticoltura speciale$fD. Avanzato ... [et al.] 210 $aRoma$cREDA$dc1991 215 $a783 p.$cill.$d25 cm. 606 $aFrutticoltura 676 $a634$v(20. ed.)$9Frutticoltura e scienze forestali 701 1$aAvanzato,$bDamiano$0286915 701 1$aBarbera,$bG.$0439588 701 1$aBargioni,$bGiorgio$073395 801 0$aIT$bUniversità della Basilicata - B.I.A.$gRICA$2unimarc 912 $a000005489 996 $aFrutticoltura speciale$974346 997 $aUNIBAS BAS $aMONAGR BAS $aMONOGR BAS $aAGRARIA CAT $aPETRIZZO$b01$c20001020$lBAS01$h1035 CAT $aDAURIA$b01$c20001031$lBAS01$h1040 CAT $c20050601$lBAS01$h1753 CAT $abatch$b01$c20050718$lBAS01$h1048 CAT $c20050718$lBAS01$h1108 CAT $c20050718$lBAS01$h1138 CAT $c20050718$lBAS01$h1152 FMT Z30 -1$lBAS01$LBAS01$mBOOK$1BASA2$APolo Tecnico-Scientifico$2DID$BDidattica$3PTS.s1.p31.2$674362$5A74362$820001024$f04$FPrestabile Didattica Z30 -1$lBAS01$LBAS01$mBOOK$1BASA2$APolo Tecnico-Scientifico$2DID$BDidattica$3PTS.s1.p31.2A$676664$5A76664$820001024$f04$FPrestabile Didattica Z30 -1$lBAS01$LBAS01$mBOOK$1BASA2$APolo Tecnico-Scientifico$2DID$BDidattica$3PTS.s1.p31.2B$681379$5A81379$820001031$f04$FPrestabile Didattica Z30 -1$lBAS01$LBAS01$mBOOK$1BASA2$APolo Tecnico-Scientifico$2DID$BDidattica$3PTS.s1.p31.2C$681380$5A81380$820001020$f04$FPrestabile Didattica LEADER 01376nam0-2200397---450 001 990010065840403321 005 20251126104843.0 010 $a978-88-203-6705-3 035 $a001006584 035 $aFED01001006584 035 $a(Aleph)001006584FED01 100 $a20160426d2016----km-y0itay50------ba 101 1 $aita$ceng 102 $aIT 105 $aa---ac--001yy 200 1 $a<>BIM$eguida completa al Building Information Modeling per committenti, architetti, ingegneri, gestori immobiliari e imprese$fChuck Eastman ... [et al.]$gedizione italiana a cura di Giuseppe Martino Di Giuda e Valentina Villa 210 $aMilano$cEditore Ulrico Hoepli$d2016 215 $aXXI, 725 p.$c[4] c. di tav. : ill.$d27 cm 454 0$12001$aBIM Handbook, Second Edition$d2011$91551550 610 0 $aEdifici$aCostruzione 676 $a720.113$v23$zita 676 $a620.00113$v23$zita 702 1$aEastman,$bChuck 702 1$aVilla,$bValentina 702 1$aDi Giuda,$bGiuseppe Martino 801 0$aIT$bUNINA$gRICA$2UNIMARC 901 $aBK 912 $a990010065840403321 952 $aTECN B 2365$b800/2025$fFARBC 952 $aTECN B 2123$b86/2016$fFARBC 952 $a13 53 18$b2627 / 2019$fFINBC 952 $a13 A 57 03$b2628 / 2019$fFINBC 959 $aFARBC 959 $aFINBC 996 $aBIM Handbook, Second Edition$91551550 997 $aUNINA